| 000 | 00541nam a2200169 4500 | ||
|---|---|---|---|
| 001 | 148027 | ||
| 003 | ES-MaACL | ||
| 005 | 20230906202405.0 | ||
| 007 | t| | ||
| 008 | 070214s1966 sp r ||||1| spa d | ||
| 100 | 1 |
_aSpranzi, Aldo. _9107791 |
|
| 245 | 1 | 3 |
_aLa variabilidad de los costes de producción / _cAldo Spranzi ; traducción de José Luis Díaz de Liaño. |
| 260 |
_aMadrid : _bMontecorvo, _c1966. |
||
| 300 |
_a446 p. : _bil. ; _c25 cm. |
||
| 700 | 1 |
_aDíaz de Liaño, José Luis. _944241 |
|
| 852 |
_aES-MaACL _jC-30826 _bR.60676 |
||
| 999 |
_c148027 _d148027 |
||